| 000 | 01579nam a2200277Ia 4500 | ||
|---|---|---|---|
| 001 | 19477 | ||
| 003 | GE_BSU | ||
| 008 | 181216s||||||||xx |||||||||||||| ||und|| | ||
| 020 | _aSBN 99940-20-92-7 | ||
| 040 | _cGE_BSU | ||
| 080 | _a81'1(075.8) | ||
| 100 | _aთამაზ გამყრელიძე, ზაზა კიკნაძე, ინგა შადური, ნანა შენგელაია ; | ||
| 245 | _aთეორიული ენათმეცნიერების კურსი = A Course in Theoretical Linguistics | ||
| 245 | _cრედ.: გურამ ლებანიძე, ირინე მელიქიშვილი | ||
| 250 | _aთსუ. | ||
| 260 | _aთბილისი | ||
| 260 | _bთბილ. უნ-ტის გამ-ბა, | ||
| 260 | _c2003 | ||
| 300 | _a796გვ;26სმ | ||
| 300 | _bსაძიებლები: გვ. 753. - ბიბლიოგრ.: გვ. 637-752. | ||
| 520 | _aწიგნი ეძღვნება აკადემიკოს გიორგი ახვლედიანს-ზოგად ენათმეცნიერებაში პირველი ქართული სახელმძღვანელოს შემქმნელს. | ||
| 541 | _h20ლ. | ||
| 653 | _aენათმეცნიერება | ||
| 653 | _aენათმეცნიერება - სახელმძღვანელოები უმაღლესი სასწავლებლებისათვის | ||
| 942 | _cBK | ||
| 999 |
_c52454 _d52454 |
||